Statistics for 6502 Instruction Set

Click here to take the quiz!

General Stats

  • This quiz has been taken 20 times
  • The average score is 34 of 56

Answer Stats

% Correct
JMP
88%
LDA
88%
STA
88%
ADC
75%
INX
75%
DEX
75%
DEC
75%
LDX
75%
LDY
75%
CLC
75%
INC
75%
RTS
75%
BNE
75%
SEC
75%
BEQ
75%
RTI
63%
SBC
63%
PHP
63%
ORA
63%
AND
63%
STY
63%
TAX
63%
TAY
63%
INY
63%
PLA
63%
JSR
63%
EOR
63%
DEY
63%
CMP
63%
BCC
63%
BCS
63%
TXS
50%
TXA
50%
TSX
50%
ASL
50%
STX
50%
SEI
50%
SED
50%
BMI
50%
BPL
50%
BRK
50%
BVC
50%
ROR
50%
ROL
50%
PLP
50%
BVS
50%
CLD
50%
PHA
50%
CLI
50%
NOP
50%
LSR
50%
CPX
50%
CPY
50%
TYA
50%
BIT
38%
CLV
38%

Score Distribution

Percentile by Number Answered

Percent of People with Each Score

Your Score History

You have not taken this quiz